000 01446nam a2200373 i 4500
001 bg
003 KOSZ 005
005 20210602102732.0
008 001119s2000 pl a |000 0 pol
015 _aPB 1999/18125
020 _a8387673137
035 _a(OCoLC)830289878
040 _aWA N
_cKOSZ 005/HR
_dKOSZ 005/HR
041 1 _apol
_hfre
_hger
046 _k2000
080 _a34(438)
080 _a340.1
080 _a(075.8)
100 1 _aRedelbach, Andrzej
_d(1946-2006)
_eAutor
245 1 0 _aWstęp do prawoznawstwa :
_bpodstawowe pojęcia nauk o władzy, państwie i prawie w perspektywie Unii Europejskiej, Regulamin Europejskiego Trybunału Praw Człowieka /
_cAndrzej Redelbach.
250 _aWyd. 3 popr. i uzup..
260 _aToruń :
_bTowarzystwo Naukowe Organizacji i Kierownictwa "Dom Organizatora",
_c.
300 _a606, [1] s. :
_b1 faks. ;
_c21 cm.
380 _aKsiążki.
504 _aBibliogr. przy rozdz.
546 _aTekst częśc. tł. z fr., niem.
650 4 _aPrawo
_zPolska.
658 _aPrawo i wymiar sprawiedliwości
655 4 _aPodręczniki akademickie
650 4 _aTeoria prawa
710 2 _aDom Organizatora w Toruniu (Towarzystwo Naukowe Organizacji i Kierownictwa)
_bOddział Toruński "Dom Organizatora".
_4pbl.
856 _uhttp://koha.tu.koszalin.pl/cgi-bin/koha/opac-detail.pl?biblionumber=41652
_yKatalog online BPK
942 _2UKD
_cKS
999 _c41652
_d41652